Jangamada baduku (Record no. 104254)

MARC details
000 -LEADER
fixed length control field 00508nam a2200193Ia 4500
003 - CONTROL NUMBER IDENTIFIER
control field OSt
005 - DATE AND TIME OF LATEST TRANSACTION
control field 20250816092004.0
008 - FIXED-LENGTH DATA ELEMENTS--GENERAL INFORMATION
fixed length control field 210210b2000 xxu||||| |||| 00| 0 eng d
040 ## - CATALOGING SOURCE
Transcribing agency AL
041 ## - LANGUAGE CODE
Language code of text/sound track or separate title Kannada
082 ## - DEWEY DECIMAL CLASSIFICATION NUMBER
Classification number K894.2 PRAJ
100 ## - MAIN ENTRY--PERSONAL NAME
Personal name PRASANNA.
Dates associated with a name ಪ್ರಸನ್ನ
9 (RLIN) 235801
245 ## - TITLE STATEMENT
Title Jangamada baduku
Remainder of title ಜಂಗಮದ ಬದುಕು
260 ## - PUBLICATION, DISTRIBUTION, ETC.
Place of publication, distribution, etc. Sagara
Name of publisher, distributor, etc. Ontidani Prakashana
Date of publication, distribution, etc. 2000
300 ## - PHYSICAL DESCRIPTION
Extent xvi,60
690 ## - LOCAL SUBJECT ADDED ENTRY--TOPICAL TERM (OCLC, RLIN)
Topical term or geographic name as entry element Kannada Drama
9 (RLIN) 235802
906 ## - LOCAL DATA ELEMENT F, LDF (RLIN)
a 056908
942 ## - ADDED ENTRY ELEMENTS (KOHA)
Source of classification or shelving scheme Dewey Decimal Classification
Koha item type Book
Holdings
Withdrawn status Lost status Source of classification or shelving scheme Damaged status Not for loan Collection code Home library Current library Shelving location Date acquired Source of acquisition Cost, normal purchase price Total Checkouts Full call number Barcode Date last seen Price effective from Koha item type
    Dewey Decimal Classification     Kannada St Aloysius Library St Aloysius Library   02/17/2021 Athree Book Centre, Mangalore-01. 40.00   K894.2 PRAJ 056908 02/17/2021 02/17/2021 Book